UBT Library

EVOLUTION AN EVOLVING THEORY (Record no. 60480)

000 -LEADER
fixed length control field 00322nam a22001457a 4500
008 - FIXED-LENGTH DATA ELEMENTS--GENERAL INFORMATION
fixed length control field 231101b ||||| |||| 00| 0 eng d
020 ## - INTERNATIONAL STANDARD BOOK NUMBER
International Standard Book Number 354054674X
041 ## - LANGUAGE CODE
Language code of text/sound track or separate title eng
080 ## - UNIVERSAL DECIMAL CLASSIFICATION NUMBER
Universal Decimal Classification number 030
082 ## - DEWEY DECIMAL CLASSIFICATION NUMBER
Classification number 030DEV
100 ## - Rafti
Rafti 40
101 ## - Shkurtesa
Shkurtesa ENCIK
245 ## - TITLE STATEMENT
Title EVOLUTION AN EVOLVING THEORY
Statement of responsibility, etc DEVILLERS.CH
942 ## - ADDED ENTRY ELEMENTS (KOHA)
Source of classification or shelving scheme
Item type Books
Holdings
Withdrawn status Lost status Source of classification or shelving scheme Damaged status Not for loan Collection code Permanent location Current location Date acquired Total Checkouts Full call number Barcode Date last seen Price effective from Koha item type
          Koleksioni i përgjithshem UBT - Lipjan UBT - Lipjan 11/01/2023   030DEV 002-800070524 11/01/2023 11/01/2023 Books
UBT Library © 2015-2024. All rights reserved University Education for Business and Technology